00000000nam##2200000za#4500
0019.605359
003CaOODSP
00520250611103509
007cr |||||||||||
008150406|2010||||xxc|||||o    f|0| 0 fre|d
020 |a978-1-100-94477-7
040 |aCaOODSP|bfre
043 |an-cn---
0861 |aA22-516/2010F-PDF
1101 |aCanada. |bAgriculture et agroalimentaire Canada.
24510|aDrainage souterrain contrôlé : |h[ressource électronique]|baugmenter le rendement et protéger l'environnement
260 |aOttawa - Ontario : |bAgriculture et Agroalimentaire Canada |cc2010.
300 |a2p.|bfigures en couleur, graphiques, photographies
4901 |aFiche d’information de l’EPBH|vN° 3
590 |a13-05-Supp|b2013-02-27
77508|tControlled tile drainage : |w(CaOODSP)9.575986
830#0|aFiche d’information de l’EPBH ;|vN° 3|w(CaOODSP)9.503528
85640|ahttp://publications.gc.ca|qPDF|s314 Ko|uhttps://publications.gc.ca/collections/collection_2013/aac-aafc/A22-516-2010-fra.pdf|yN° 3
986 |aNo AAC 10485F